000 00881nam a22002055i 4500
001 178601
003 ES-MaACL
005 20230906220554.0
008 110608s1967 sp ao |||| | spa d
080 _a616.899
100 1 _aAntich Femenias, Jaime.
_9146997
245 1 3 _aContribución al estudio citogenético del mongolismo familiar /
_cresumen de la tesis presentada para aspirar al grado de doctor en medicina por Jaime Antich Femenias.
260 _aBarcelona :
_bUniversidad de Barcelona, Secretariado de Publicaciones, Intercambio Científico y Extensión Universitaria :
_bIvern,
_cD. L. 1967.
300 _a15 p. :
_bil. bl. y n. ;
_c24 cm.
500 _aCub. tomada como port.
504 _aBibliografía: p. 15.
650 0 4 _aPersonas con síndrome de Down.
_915976
710 2 _aUniversidad de Barcelona.
_97141
852 _aES-MaACL
_jE-15361 (6)
_xOlim P-1374
999 _c178601
_d178601